| 000 | 00748nam a22002537a 4500 | ||
|---|---|---|---|
| 003 | UA-OsUOA | ||
| 001 | 21785 | ||
| 007 | ta | ||
| 008 | 20031213b un ||||| |||| 00| 0 ukr d | ||
| 100 | _aАбель Питер | ||
| 090 |
_a004.43 _bА144 |
||
| 942 | _cBK | ||
| 040 |
_aUA-OsUOA _brus _cUA-OsUOA _dUA-OsUOA |
||
| 245 |
_aЯзык Ассемблера для ІВМ РС и программирования _bПеревод с английского _cРед. Ю.В.Сальников |
||
| 300 |
_a447 с. _bІлюстрації |
||
| 955 | _a0 | ||
| 041 | _arus | ||
| 080 | _a004.43 | ||
| 020 | _a5-06-001518-1 (СССР) | ||
| 260 |
_aМосква _bВысшая школа _c1992 |
||
| 044 | _aRU | ||
| 650 | 7 | _2UDC | |
| 999 |
_c307992 _d307992 |
||